000 00787nam a2200229 a 4500
003 CBULib
005 20240807133009.0
008 210527s2012 ||||||||||||||||| || u
040 _aCBULib
_bEnglish
_cCBULib
_erda
041 _aeng
050 _aUNCTAD(058)TDRO/2012
110 _aUnited Nations Conference on Trade and Development (UNCTAD)
245 1 0 _aTrade and development report, 2012 : overview
_c/ by United Nations Conference on Trade and Development(UNCTAD)
260 _aNew York :
_bUnited Nations,
_c2012.
300 _a30 pages
336 _2rdacontent
_aText |
_btxt
337 _2rdamedia
_aUnmediated |
_bn
338 _2rdacarrier
_aVolume
_bnc
650 _aGLOBAL ECONOMY
942 _2mc
_c029
999 _c60115
_d60115